Biblioteca

El mundo del Antiguo Testamento (Registro nro. 32253)

Detalles MARC
000 -LÍDER
Campo fijo de descripción fija 01370cam a2200349 i 4500
001 - NÚMERO DE CONTROL
Campo de control 768714001
003 - IDENTIFICADOR DEL NÚMERO DE CONTROL
Campo de control CO-MdFUSB
005 - FECHA Y HORA DE LA ULTIMA TRANSACCIÓN
control field 20241016083218.0
007 - CAMPO FIJO DE DESCRIPCIÓN FIJA--INFORMACIÓN GENERAL
Campo fijo de descripción fija ta
008 - ELEMENTOS DE LONGITUD FIJA -- INFORMACIÓN GENERAL
Campo fijo de descripción fija -- Información general 170808t1985 -us||||| |||| 00| | spa d
020 ## - NÚMERO INTERNACIONAL NORMALIZADO PARA LIBROS
Número Internacional Normalizado del libro 0-8297-1416-2
040 ## - FUENTE DE CATALOGACIÓN
Agencia de catalogación original CO-MdFUSB
Idioma de catalogación spa
Agencia que realiza la transcripción CO-MdFUSB
Agencia que realiza la modificación CO-MdFUSBC
Convenciones de la descripción rda
041 0# - CÓDIGO DE IDIOMA
Código de idioma para texto/pista de sonido o título separado spa
Código de idioma original eng
082 04 - NÚMERO DE CLASIFICACIÓN DECIMAL DEWEY
Número de la edición del Dewey 23
Número de clasificación 221.9
Clave de autor-Numero de item M965
240 ## - TITULO UNIFORME
Título uniforme <a href="World of the old testament">World of the old testament</a>
245 #3 - TÍTULO
Título del Material El mundo del Antiguo Testamento
Mención de responsabilidad, etc. / Editores : James I. Packer , Merril C. Tenney , William White ; traducido por Elsa Romanenghi de Powell
264 #1 - PRODUCCIÓN, PUBLICACIÓN, DISTRIBUCIÓN, MANUFACTURA, Y COPYRIGHT
Lugar de producción, publicación, distribución, manufactura Miami, FL, USA :
Nombre del productor, publicador, distribuidor Vida,
Fecha de producción, publicación, distribución, manufactura, o copyright [1985]
264 #4 - PRODUCCIÓN, PUBLICACIÓN, DISTRIBUCIÓN, MANUFACTURA, Y COPYRIGHT
Fecha de producción, publicación, distribución, manufactura, o copyright ©1985
300 ## - DESCRIPCIÓN FÍSICA
Extensión 192 páginas
Dimensiones ; 21 cm
336 ## - TIPO DE CONTENIDO
Fuente rdacontent
Término de tipo de contenido texto
Código de tipo de contenido txt
337 ## - TIPO DE MEDIO
Fuente rdamedia
Nombre del tipo de medio sin mediación
Código del tipo de medio n
338 ## - TIPO DE SOPORTE
Fuente rdacarrier
Nombre del tipo de soporte volumen
Código Tipo de soporte nc
505 ## - NOTA DE CONTENIDO
Nota de contenido con formato preestablecido El mundo antiguo -- Historia del Antiguo Testamento -- Cronologia del Antiguo Testamento -- Arqueolgia -- Religiones y culturas paganas -- Los egipcios -- Los babilonios y los asirios -- Ugarit y los cananeos -- Los persas.<br/>
563 ## - NOTA DE ENCUADERNACIÓN
Nota de encuadernación Rustico
630 07 - TITULO UNIFORME
Título uniforme Biblia.
Nombre de parte o sección de la obra Antiguo Testamento
Subdivisión de materia general Crítica, interpretación, etc.
650 #7 - ASIENTO SECUNDARIO DE MATERIA - TERMINO TEMÁTICO
9 (RLIN) 7078
Término temático o nombre geográfico como elemento de entrada Ciencias sociales
700 ## - ASIENTO SECUNDARIO - NOMBRE PERSONAL
9 (RLIN) 8330
Nombre personal Packer, James I.
Responsabilidad editor
700 1# - ASIENTO SECUNDARIO - NOMBRE PERSONAL
9 (RLIN) 650
Nombre personal Tenney, Merrill C.
Fechas asociadas con el nombre 1904-1985
Responsabilidad editor
700 ## - ASIENTO SECUNDARIO - NOMBRE PERSONAL
9 (RLIN) 8007
Nombre personal White, William, Jr.,
Responsabilidad editor
942 ## - TIPO DE MATERIAL (KOHA)
Tipo de Item KOHA Libros General
945 ## - INFORMACIÓN LOCAL DEL REGISTRO
Catalogador Mag1104
Existencias
Estado de Material Estado de Perdido Forma de Clasificación Estado de Dañado No para Préstamo Colección Tomo Biblioteca de Origen Biblioteca Permanente Fecha de Adquisición Área Total de Préstamos Signatura Topográfica Código de Barras Última vez visto Última vez Préstado Ejemplar/Existencia Fecha de Remplazo Tipo de Material Total de Renovaciones
    Dewey Decimal Classification     Colección General   Biblioteca FUSBC Biblioteca FUSBC 16/10/2024 BIBLIA 4 G 221.9 M965m 28809 21/09/2022 19/09/2022 Ej. 2 26/01/2016 Libros General  
    Dewey Decimal Classification     Colección General   Biblioteca FUSBC Biblioteca FUSBC 16/10/2024 BIBLIA 8 G 221.9 M965m 28810 14/06/2025 04/10/2019 Ej. 3 26/01/2016 Libros General 2
    Dewey Decimal Classification     Colección General   Biblioteca FUSBC Biblioteca FUSBC 16/10/2024 BIBLIA   G 221.9 M965m 25555 08/07/2025   Ej. 1 26/01/2016 Libros General  

Biblioteca FUSBC | Teléfono: (57+4) 349 88 10 Ext. 141| WhatsApp (+57) 3005338115 
E-mail: biblioteca@unisbc.edu.co | Calle 76 87-14 Robledo Palenque, Medellín, Colombia

Con tecnología Koha